[Event "GER-chT U16"]
[Site "Willingen"]
[Date "2021.06.27"]
[Round "7.7"]
[White "Tao, Alexander"]
[Black "Guelsen, Sinan Yilmaz"]
[Result "1-0"]
[WhiteElo "1631"]
[BlackElo "1357"]
[PlyCount "97"]
[EventDate "2021.06.23"]
[EventType "team-swiss"]
[EventRounds "7"]
[EventCountry "GER"]
[SourceTitle "CBM 203 Extra"]
[Source "ChessBase"]
[SourceDate "2021.09.30"]
[SourceVersion "1"]
[SourceVersionDate "2021.09.30"]
[SourceQuality "1"]
[WhiteTeam "Blankenese"]
[BlackTeam "Karlsruhe SF"]
[WhiteTeamCountry "GER"]
[BlackTeamCountry "GER"]

1. e4 e5 2. Nf3 Nc6 3. Bc4 Bc5 4. c3 Nf6 5. d3 d6 6. 0-0 Bg4 7. Nbd2 Qd7 8. Re1 0-0 9. Bb3 Nh5 10. Nf1 Nf6 11. Ba4 a6 12. d4 exd4 13. cxd4 Bxd4 14. Bxc6 Bxf2+ 15. Kxf2 Qxc6 16. Ng3 Rfe8 17. Qd3 Qb6+ 18. Kf1 Bd7 19. a4 Ng4 20. Re2 Be6 21. h3 Ne5 22. Nxe5 dxe5 23. Be3 Qb4 24. Rc2 Rad8 25. Qe2 Qe7 26. Kg1 f6 27. Rac1 Rd7 28. Rd2 Bb3 29. Nf5 Qf7 30. Qg4 Be6 31. Qe2 Bxf5 32. exf5 Red8 33. Rxd7 Qxd7 34. Qc4+ Qd5 35. Qxd5+ Rxd5 36. Rxc7 e4 37. g4 h5 38. Kf2 b5 39. axb5 Rxb5 40. Bd4 Rb3 41. Bc3 Rb5 42. Ke3 hxg4 43. hxg4 Rb8 44. Re7 a5 45. Rxe4 Ra8 46. Ra4 Re8+ 47. Kf3 g6 48. Rxa5 gxf5 49. Rxf5 1-0